000 00779njm a2200277Ia 4500
001 24627
003 IT-RoPAU
005 20220918181129.0
008 131025s9999 xx 000 0 und d
040 _aIT-RoPAU
040 _cIT-RoPAU
041 _aITALIANO
999 _c100408
_d100408
999 _bn.d.
100 _aDe Foucauld Charles
_911092
100 _eAutore testo
_911093
100 _gCodice autore testo SPICS: 9626
_911094
245 _aDe Foucauld-Parole dal deserto
250 _a1a ed.
260 _aALBANO
260 _bEP - MUSICALI E DISCOGRAFICHE
300 _aDISCO
500 _aParlato religioso.
505 _aMessaggi per il nostro tempo. Pensieri di Fratel Carlo De Foucauld
650 _aPARLATO [DISCHI]
_eCodice MATERIA SPICS: 9950
_911095
942 _cMD
_2ddc